=LDR 00000nam 2200000 4500 =001 INLIS000000001052275 =005 20240822075744 =035 ##$$a 0010-0824000093 =007 ta =008 240822################a##########j###### =020 ##$$a 978-89-6329-586-2 =082 ##$$a 028.55 =084 ##$$a 028.55 KIR s =100 #$$a Kirin Kim =245 1#$$a Serigala telah muncul /$c Kirin Kim; ilustrator, Lee Joo-eun =260 ##$$a Gyeonggi-do :$b Korea Tolstoi,$c 2008 =300 ##$$a 31 hlm. : $b ilus. ; $c 26 cm =650 #4$$a Bacaan kanak-kanak =700 #$$a Lee Joo-eun (ilustrator) =990 ##$$a 3202401656 =990 ##$$a 3202401656